Statistics for NFL Seattle Seahawks 2022-2023 Active Roster

Click here to take the quiz!

General Stats

  • This quiz has been taken 663 times
  • The average score is 28 of 61

Answer Stats

HintAnswer% Correct
QBGeno Smith
100%
WRDK Metcalf
98%
QBDrew Lock
98%
WRTyler Lockett
97%
RBKenneth Walker III
93%
TENoah Fant
83%
RBRashaad Penny
83%
LBTyreke Smith
82%
CBTariq Woolen
78%
SSJamal Adams
75%
TEWill Dissly
73%
FSQuandre Diggs
72%
DEMyles Adams
69%
RBDeeJay Dallas
68%
TCharles Cross
66%
LBJordyn Brooks
65%
KJason Myers
62%
CBMike Jackson
60%
GGabe Jackson
59%
TEColby Parkinson
58%
RBTravis Homer
58%
CBCoby Bryant
57%
PMichael Dickson
57%
TAbraham Lucas
56%
WRMarquise Goodwin
56%
WRDee Eskridge
53%
FBNick Bellore
50%
CBTre Brown
45%
SSJosh Jones
43%
CBSidney Jones IV
43%
LBCody Barton
41%
GDamien Lewis
41%
LBUchenna Nwosu
41%
DEPoona Ford
39%
SSRyan Neal
39%
NTAl Woods
38%
LBBoye Mafe
34%
DEShelby Harris
34%
LBDarryl Johnson
29%
WRPenny Hart
29%
CAustin Blythe
28%
WRDareke Young
27%
TStone Forsythe
24%
GPhil Haynes
23%
NTBryan Mone
22%
LSTyler Ott
22%
DEL.J. Collier
19%
TJake Curhan
17%
CKyle Fuller
17%
WRCody Thompson
16%
LBDarrell Tyler
16%
CBJustin Coleman
16%
DEQuinton Jefferson
16%
LBAlton Robinson
14%
CBArtine Burns
14%
LBBen Burr-Kirven
12%
LBTanner Muse
12%
FSJoey Blount
11%
LSCarson Tinker
9%
LBJon Rhattigan
9%
SSTeez Tabor
8%

Score Distribution

Percentile by Number Answered

Percent of People with Each Score

Your Score History

You have not taken this quiz